| 000 | 01786nam2a22002531 4500 | ||
|---|---|---|---|
| 001 | RU\NLR\INFOCOMM6\1000454431 | ||
| 005 | 20250617110544.0 | ||
| 035 | _a(NLR Aleph) 002563079 | ||
| 090 |
_a3122056 _c3122056 |
||
| 100 | _a20040526d1963 |||y0rusy50 ca | ||
| 101 | 0 | _arus | |
| 102 | _aRU | ||
| 105 | _ay ||||||||| | ||
| 200 | 1 | _aТехнические характеристики станков фирмы "Ниппей индастриэл К" (Япония) для обработки деталей подшипников качения | |
| 210 |
_d1963 _aБ. м. |
||
| 309 | _aНа обл. дата: 1965 | ||
| 461 | 0 |
_1001RU\NLR\INFOCOMM6\1000454430 _12001#$aНовости зарубежной техники$eИнф. выпуск$fГос. Ком. автотракторного и с.-х. машиностроения при Госплане СССР. Упр. по развитию подшипниковой пром. Всесоюз. науч.-исслед. конструкторско-технол. ин-т подшипниковой пром. ВНИИП. Отд. науч.-техн. информации$v1964, №1 _93122047 _cМ. _d1964-1965 _fГос. Ком. автотракторного и с.-х. машиностроения при Госплане СССР. Упр. по развитию подшипниковой пром. Всесоюз. науч.-исслед. конструкторско-технол. ин-т подшипниковой пром. ВНИИП. Отд. науч.-техн. информации _oИнф. выпуск _tНовости зарубежной техники _v1964, №1 |
|
| 801 | 1 |
_aRU _bInfoComm _c20040526 |
|
| 801 | 0 |
_aRU _bNLR _gPSBO |
|
| 852 |
_aNLR _jП10/2991 |
||
| 942 | _cISSUE | ||
| 980 | _aNB | ||
| 980 | _aRUSPER | ||